Những quy định pháp luật mới nhất về công tác giáo dục và đào tạo

محفوظ في:
التفاصيل البيبلوغرافية
المؤلف الرئيسي: Phạm, Văn Mỹ
التنسيق: كتاب
اللغة:Undetermined
منشور في: Hà Nội Lao động - Xã hội 2005
الموضوعات:
الوسوم: إضافة وسم
لا توجد وسوم, كن أول من يضع وسما على هذه التسجيلة!
Thư viện lưu trữ: Trung tâm Học liệu Trường Đại học Cần Thơ
LEADER 00634nam a2200205Ia 4500
001 CTU_104154
008 210402s9999 xx 000 0 und d
020 |c 285000 
082 |a 344.59707 
082 |b M600 
100 |a Phạm, Văn Mỹ 
245 0 |a Những quy định pháp luật mới nhất về công tác giáo dục và đào tạo 
245 0 |c Phạm Văn Mỹ 
260 |a Hà Nội 
260 |b Lao động - Xã hội 
260 |c 2005 
650 |a Educational law and legislation 
650 |z Vietnam 
904 |i Minh 
980 |a Trung tâm Học liệu Trường Đại học Cần Thơ